|
|
|
|
| LEADER |
02580nam a2200637 4500 |
| 001 |
ocn805931190 |
| 003 |
OCoLC |
| 005 |
20180501122001.0 |
| 006 |
m o d |
| 007 |
cr un||||a|a|| |
| 008 |
120812s1988 caua ob 001 0 eng d |
| 040 |
|
|
|a OCLCE
|b eng
|e pn
|c OCLCE
|d OCLCO
|d VT2
|d OCLCQ
|d OPELS
|d OCLCQ
|d KUK
|d OCLCO
|d CUSER
|d OKU
|d COF
|d AZU
|d OCLCF
|d OCL
|d YDXCP
|d OCLCQ
|d BUF
|d GrThAP
|
| 019 |
|
|
|a 56578458
|a 326626459
|a 803394079
|
| 020 |
|
|
|a 9780121820671
|q (alk. paper)
|
| 020 |
|
|
|a 012182067X
|q (alk. paper)
|
| 035 |
|
|
|a (OCoLC)805931190
|z (OCoLC)56578458
|z (OCoLC)326626459
|z (OCoLC)803394079
|
| 050 |
|
4 |
|a QP601
|b .C733 v.166, etc.
|
| 060 |
|
4 |
|a W1
|b ME9615K v.166 1988
|
| 060 |
|
4 |
|a QU 60
|b B8158 1988
|
| 070 |
|
|
|a QP601.M49
|b v.166
|
| 072 |
|
0 |
|a X300
|
| 082 |
0 |
4 |
|a 574.1925
|2 20
|
| 084 |
|
|
|a 35.62
|2 bcl
|
| 084 |
|
|
|a CHE 820f
|2 stub
|
| 084 |
|
|
|a VK 8700
|2 rvk
|
| 084 |
|
|
|a WC 4355
|2 rvk
|
| 049 |
|
|
|a TEFA
|
| 245 |
0 |
0 |
|a Branched-chain amino acids /
|c edited by Robert A. Harris, John R. Sokatch.
|
| 260 |
|
|
|a San Diego :
|b Academic Press,
|c ©1988.
|
| 300 |
|
|
|a 1 online resource (xxxi, 534 pages) :
|b illustrations.
|
| 336 |
|
|
|a text
|b txt
|2 rdacontent
|
| 337 |
|
|
|a computer
|b c
|2 rdamedia
|
| 338 |
|
|
|a online resource
|b cr
|2 rdacarrier
|
| 490 |
1 |
|
|a Methods in enzymology ;
|v v. 166
|
| 504 |
|
|
|a Includes bibliographical references and indexes.
|
| 520 |
|
|
|a This volume includes chapters on the newest techniques for measuring metabolites of branched-chain amino acids, many new enzyme assays such as the measurement of isozymes of acetohydroxacid synthase, and the purification of recently described enzymes such as isovaleryl-CoA dehydrogenase.
|
| 588 |
0 |
|
|a Print version record.
|
| 650 |
|
0 |
|a Amino acids.
|
| 650 |
|
6 |
|a Acides aminés.
|
| 650 |
|
7 |
|a Acides aminés à chaîne ramifiée.
|2 fmesh
|
| 650 |
|
7 |
|a Amino acids.
|2 fast
|0 (OCoLC)fst00807622
|
| 650 |
1 |
7 |
|a Aminozuren.
|2 gtt
|
| 650 |
1 |
7 |
|a Stofwisseling.
|2 gtt
|
| 650 |
1 |
7 |
|a Enzymen.
|2 gtt
|
| 650 |
|
7 |
|a Enzymes.
|2 ram
|
| 650 |
|
7 |
|a Acides aminés à chaîne ramifiée.
|2 ram
|
| 650 |
0 |
7 |
|a Verzweigte Verbindungen.
|2 swd
|
| 650 |
0 |
7 |
|a Aminosäuren.
|2 swd
|
| 650 |
|
2 |
|a Amino Acids, Branched-Chain.
|
| 650 |
|
2 |
|a Keto Acids.
|
| 655 |
|
4 |
|a Electronic books.
|
| 700 |
1 |
|
|a Harris, Robert A.
|q (Robert Allison),
|d 1939-
|
| 700 |
1 |
|
|a Sokatch, J. R.
|q (John Robert),
|d 1928-2006.
|
| 776 |
0 |
8 |
|i Print version:
|w (OCoLC)20172138
|
| 830 |
|
0 |
|a Methods in enzymology ;
|v v. 166.
|
| 856 |
4 |
0 |
|u https://www.sciencedirect.com/science/bookseries/00766879/166
|z Full Text via HEAL-Link
|